| 000 | 00723caa a22002057a 4500 | ||
|---|---|---|---|
| 999 |
_c459191 _d459191 |
||
| 001 | 216217412 | ||
| 003 | UA-OsUOA | ||
| 005 | 20200512181529.0 | ||
| 008 | 200512b un ||||| |||| 00| 0 ukr d | ||
| 040 |
_aUA-OsUOA _bukr _cUA-OsUOA _dUA-OsUOA |
||
| 041 | _aukr | ||
| 080 | _a908 | ||
| 090 | _a908 | ||
| 100 | _aДзісяк Я. | ||
| 245 |
_aВеликий гетьман Костянтин Острозький: битва під Оршею 1514 р., її історіографія _cЯ. Дзісяк |
||
| 300 | _aС. 15–21 | ||
| 650 | _2UDC | ||
| 773 | 0 |
_0399318 _9416566 _dОстрог НаУОА 2014 _o148881 _tОстрозький краєзнавчий збірник _w(UA-OsUOA) 113461 |
|
| 942 |
_2udc _cBKA |
||